Money, banking, and economic activity / (Record no. 232735)

000 -LEADER
fixed length control field 00740nam a2200241 a 4500
001 - CONTROL NUMBER
control field 411683
003 - CONTROL NUMBER IDENTIFIER
control field Nust
005 - DATE AND TIME OF LATEST TRANSACTION
control field 20170223104048.0
008 - FIXED-LENGTH DATA ELEMENTS--GENERAL INFORMATION
fixed length control field 810617s1981 nyua b 001 0 eng
010 ## - LIBRARY OF CONGRESS CONTROL NUMBER
LC control number 80070228
020 ## - INTERNATIONAL STANDARD BOOK NUMBER
International Standard Book Number 0124689507
040 ## - CATALOGING SOURCE
Original cataloging agency DLC
Transcribing agency DLC
Modifying agency DLC
050 00 - LIBRARY OF CONGRESS CALL NUMBER
Classification number HG221
Item number .M3337
082 00 - DEWEY DECIMAL CLASSIFICATION NUMBER
Classification number 332.1
Edition number 19
100 1# - MAIN ENTRY--PERSONAL NAME
Personal name Makinen, Gail E.,
Dates associated with a name 1939-
245 10 - TITLE STATEMENT
Title Money, banking, and economic activity /
Statement of responsibility, etc. by Gail E. Makinen.
260 ## - PUBLICATION, DISTRIBUTION, ETC.
Place of publication, distribution, etc. New York :
Name of publisher, distributor, etc. Academic Press,
Date of publication, distribution, etc. c1981.
300 ## - PHYSICAL DESCRIPTION
Extent xiv, 561 p. :
Other physical details ill. ;
Dimensions 25 cm.
504 ## - BIBLIOGRAPHY, ETC. NOTE
Bibliography, etc. note Includes bibliographies and index.
650 #0 - SUBJECT ADDED ENTRY--TOPICAL TERM
Topical term or geographic name entry element Money.
650 #0 - SUBJECT ADDED ENTRY--TOPICAL TERM
Topical term or geographic name entry element Banks and banking.
906 ## - LOCAL DATA ELEMENT F, LDF (RLIN)
a 7
b cbc
c orignew
d 2
e opcn
f 19
g y-gencatlg
942 ## - ADDED ENTRY ELEMENTS (KOHA)
Source of classification or shelving scheme
Koha item type Book
Holdings
Withdrawn status Lost status Source of classification or shelving scheme Damaged status Not for loan Collection code Permanent Location Current Location Shelving location Date acquired Total Checkouts Full call number Barcode Date last seen Price effective from Koha item type
            Central Library (CL) Central Library (CL) General Stacks 02/23/2017   332.1 MAK S3H-N-931 02/23/2017 02/23/2017 Book
© 2023 Central Library, National University of Sciences and Technology. All Rights Reserved.